Moraviae nova et post omnes priores accuratis sima delineatio (Record no. 116835)
[ view plain ]
| 000 -LEADER | |
|---|---|
| fixed length control field | 00796cem a22002055a 4500 |
| 001 - CONTROL NUMBER | |
| control field | L140326 |
| 008 - FIXED-LENGTH DATA ELEMENTS--GENERAL INFORMATION | |
| fixed length control field | 070918r19851664xr a 0 feng u |
| 035 ## - SYSTEM CONTROL NUMBER | |
| System control number | (Sirsi) u140326 |
| 041 0# - LANGUAGE CODE | |
| Language code of text/sound track or separate title | lat |
| 100 1# - MAIN ENTRY--PERSONAL NAME | |
| Personal name | Comenio, I. A. |
| 245 00 - TITLE STATEMENT | |
| Title | Moraviae nova et post omnes priores accuratis sima delineatio |
| Medium | [cartographic material] |
| 250 ## - EDITION STATEMENT | |
| Edition statement | Facsim. |
| 255 ## - CARTOGRAPHIC MATHEMATICAL DATA | |
| Statement of scale | Scale ca. 1:98667 |
| 260 ## - PUBLICATION, DISTRIBUTION, ETC. | |
| Place of publication, distribution, etc. | S.l. |
| Name of publisher, distributor, etc. | s.n. |
| Date of publication, distribution, etc. | 1985 |
| 300 ## - PHYSICAL DESCRIPTION | |
| Extent | 1 map |
| Other physical details | cloth |
| Dimensions | 42 x 51 cm. |
| 500 ## - GENERAL NOTE | |
| General note | Item is a reproduction of the original map by I. A. Comenio from 1664. Printed below the map is the statement 'From Czechoslovak delegation, sixth Congress of the ISM, September 1985'. |
| 651 4# - SUBJECT ADDED ENTRY--GEOGRAPHIC NAME | |
| Geographic name | Czech Republic |
| 690 ## - LOCAL SUBJECT ADDED ENTRY--TOPICAL TERM (OCLC, RLIN) | |
| Topical term or geographic name as entry element | ENVIRONMENTAL AND LAND CONSULTANCY-GEOMATICS-MAPPING AND POSITIONING-CARTOGRAPHY |
| 942 ## - ADDED ENTRY ELEMENTS (KOHA) | |
| Suppress in OPAC | 0 |
| Withdrawn status | Lost status | Source of classification or shelving scheme | Damaged status | Not for loan | Home library | Current library | Shelving location | Date acquired | Total Checkouts | Full call number | Barcode | Date last seen | Copy number | Price effective from | Koha item type |
|---|---|---|---|---|---|---|---|---|---|---|---|---|---|---|---|
| Dewey Decimal Classification | Historic collection | Historic collection | Historic collection | 18/09/2007 | MAP CABINET DRAWER 9 | 140326-2001 | 06/08/2019 | 1 | 06/08/2019 | Archive |